| 000 | 00782nam a2200241Ia 4500 | ||
|---|---|---|---|
| 005 | 20250425162843.0 | ||
| 008 | 250425s9999 xx 000 0 und d | ||
| 020 | _a9788488975713 | ||
| 041 | _aspa | ||
| 082 |
_a627.24 _pPIÑ |
||
| 100 | _aPiñeiro Díaz, Emilio, coord. | ||
| 245 | 0 |
_aGuía de buenas prácticas para la ejecución de obras marítimas _cCoordinado por Emilio Piñeiro Díaz y Puertos del Estado |
|
| 250 | _aSegunda edición | ||
| 260 |
_aMadrid _bPuertos del Estado _c2009 |
||
| 300 |
_a327 páginas _bilustraciones _c26 cm. |
||
| 504 | _aIncluye referencias bibliográficas | ||
| 650 | _aDiques | ||
| 650 | _aPuertos - Diseño y construcción | ||
| 650 | _aTrabajos marítimos | ||
| 902 |
_aMonográfico _cImpreso |
||
| 942 | _c01 | ||
| 010 | _a113770 | ||
| 999 |
_c237788 _d237788 |
||